Irlandzkie hrabstwa - Statystyki

Ogólne statystyki
  • Ten quiz został rozwiązany 5 razy
  • Średni wynik to 11 z 26
Statystyki odpowiedzi
Hrabstwa % Poprawnych
Cork
100%
Dublin
100%
Galway
80%
Waterford
80%
Limerick
60%
Carlow
40%
Cavan
40%
Donegal
40%
Kerry
40%
Kilkenny
40%
Louth
40%
Mayo
40%
Meath
40%
Offaly
40%
Roscommon
40%
Sligo
40%
Tipperary
40%
Westmeath
40%
Wexford
40%
Clare
20%
Kildare
20%
Laois
20%
Leitrim
20%
Longford
20%
Monaghan
20%
Wicklow
20%
Nie znaleziono quizów pasujących do podanych kryteriów
Rozkład punktacji
Procent ludzi z każdym wynikiem
Percentyl według liczby udzielonych odpowiedzi
Twoja historia wyników
Nie rozwiązałeś tego quizu